000 00440nam a2200157 i 4500
001 49059
003 ES-MaACL
005 20230906161857.0
007 t|
008 030707s1973 sp ||||1| cat d
100 1 _aCorral y Coll del Ram, Ernesto.
_940731
245 1 0 _aPenell al vent /
_cErnesto Corral y Coll del Ram.
260 _aBarcelona :
_bPeƱiscola,
_c[1973]
300 _a93 p. ;
_c14 cm.
852 _aES-MaACL
_jC-53747
_bR.86567
999 _c49059
_d49059